000 00506nam a2200181Ia 4500
005 20250508152739.0
008 008 250505s9999 xx 000 0 hin d
037 _aTextual
040 _aFEDL
_beng
_cFEDL
041 _ahin
_2hin
084 _a891.433, YAD
_qFEDL
100 _aYadav Shankar Lal
_9762288
245 0 _aHarayana Pradesh ka lok sahitya
260 _aAllahabad, India
_bHindustani Academy
300 _a499p
942 _cTEXL
_h891.433, YAD
999 _c1338476
_d1338476